| 000 | 00567pab a2200205 454500 | ||
|---|---|---|---|
| 008 | 180718b1999 xxu||||| |||| 00| 0 eng d | ||
| 100 | _aDhawan, Sunil K. | ||
| 245 | _aMotivation levels among personnel executives in public sector | ||
| 260 | _c1999 | ||
| 300 | _ap.637-44 | ||
| 362 | _aJan-Mar | ||
| 650 | _aExecutives - India | ||
| 650 | _aPersonnel - India | ||
| 650 | _aMotivation - India | ||
| 650 | _aGovernment business enterprises - India | ||
| 650 | _aPublic sector - India | ||
| 650 | _aPublic sector | ||
| 773 | _aProductivity | ||
| 909 | _a40720 | ||
| 999 |
_c40720 _d40720 |
||